000 00404 a2200145 4500
005 20250616154832.0
020 _a0-07-050594-2
082 _a001.642 POP
100 _aPOPYK, M. K.
245 _aWord Processing and Information Systems.
250 _a2nd Ed.
260 _aNew York,
_bGregg Division,
_c1986.
300 _axx, 345p.: ill.; graphs, picture, table
_bGlossary, index.
_c23cm.
942 _2ddc
_cBKS
999 _c117
_d117